00345nam a2200121 a 45000010005000000030005000050050017000100080041000270400020000681000030000882450085001182600020002031631CDMR20130116135213.0130130s1972||||||||||||||||||||||||||||d aCDMRbcatcCDMR1 aIbáñez Fanes, Félix10aInfluencia del cine en la literatura españolab1923-1936cFelix Ibañez Fanes aBarcelonac1972